Anthropos téleios : (Record n. 108658)
[ formato base ]
| 000 -LEADER | |
|---|---|
| fixed length control field | 01050cam a2200301 a 4500 |
| 001 - CONTROL NUMBER | |
| control field | 99804 |
| 003 - CONTROL NUMBER IDENTIFIER | |
| control field | IT-RoPau |
| 005 - DATE AND TIME OF LATEST TRANSACTION | |
| control field | 20220918181312.0 |
| 008 - FIXED-LENGTH DATA ELEMENTS--GENERAL INFORMATION | |
| fixed length control field | 960311s1995 it b 001 0 ita d |
| 010 ## - LIBRARY OF CONGRESS CONTROL NUMBER | |
| LC control number | 96123594 |
| 020 ## - INTERNATIONAL STANDARD BOOK NUMBER | |
| International Standard Book Number | 8839903836 |
| 035 ## - SYSTEM CONTROL NUMBER | |
| System control number | (OCoLC)34800377 |
| 040 ## - CATALOGING SOURCE | |
| Original cataloging agency | C3L |
| Transcribing agency | C3L |
| Modifying agency | InNd |
| -- | DLC |
| 042 ## - AUTHENTICATION CODE | |
| Authentication code | lccopycat |
| 045 ## - TIME PERIOD OF CONTENT | |
| Time period code | x0x4 |
| 050 00 - LIBRARY OF CONGRESS CALL NUMBER | |
| Classification number | BX4827.B57 |
| Item number | G35 1995 |
| 100 1# - MAIN ENTRY--PERSONAL NAME | |
| Personal name | Gallas, Alberto. |
| 9 (RLIN) | 35779 |
| 245 10 - TITLE STATEMENT | |
| Title | Anthropos téleios : |
| Remainder of title | l'itinerario di Bonhoeffer nel conflitto tra cristianesimo e modernità / |
| Statement of responsibility, etc. | Alberto Gallas. |
| 260 ## - PUBLICATION, DISTRIBUTION, ETC. (IMPRINT) | |
| Place of publication, distribution, etc. | Brescia : |
| Name of publisher, distributor, etc. | Queriniana, |
| Date of publication, distribution, etc. | c1995. |
| 300 ## - PHYSICAL DESCRIPTION | |
| Extent | 504 p. ; |
| Dimensions | 23 cm. |
| 440 #0 - SERIES STATEMENT/ADDED ENTRY--TITLE | |
| Title | Biblioteca di teologia contemporanea ; |
| Volume/sequential designation | 83 |
| 9 (RLIN) | 35780 |
| 504 ## - BIBLIOGRAPHY, ETC. NOTE | |
| Bibliography, etc | Includes bibliographical references (p. [475]-491) and index. |
| 600 10 - SUBJECT ADDED ENTRY--PERSONAL NAME | |
| Personal name | Bonhoeffer, Dietrich, |
| Dates associated with a name | 1906-1945. |
| 9 (RLIN) | 35766 |
| 906 ## - LOCAL DATA ELEMENT F, LDF (RLIN) | |
| a | 7 |
| b | cbc |
| c | copycat |
| d | 3 |
| e | ncip |
| f | 19 |
| g | y-gencatlg |
| 942 ## - ADDED ENTRY ELEMENTS (KOHA) | |
| Source of classification or shelving scheme | Dewey Decimal Classification |
| Koha item type | LIBRO |
Nessuna copia disponibile.